<?xml version="1.0" encoding="UTF-8"?><?xml-stylesheet type="text/xsl" href="static/style.xsl"?><OAI-PMH xmlns="http://www.openarchives.org/OAI/2.0/" xmlns:xsi="http://www.w3.org/2001/XMLSchema-instance" xsi:schemaLocation="http://www.openarchives.org/OAI/2.0/ http://www.openarchives.org/OAI/2.0/OAI-PMH.xsd"><responseDate>2026-04-27T13:50:00Z</responseDate><request verb="GetRecord" identifier="oai:uvadoc.uva.es:10324/46212" metadataPrefix="marc">https://uvadoc.uva.es/oai/request</request><GetRecord><record><header><identifier>oai:uvadoc.uva.es:10324/46212</identifier><datestamp>2021-06-23T10:11:57Z</datestamp><setSpec>com_10324_1152</setSpec><setSpec>com_10324_931</setSpec><setSpec>com_10324_894</setSpec><setSpec>col_10324_1282</setSpec></header><metadata><record xmlns="http://www.loc.gov/MARC21/slim" xmlns:doc="http://www.lyncode.com/xoai" xmlns:xsi="http://www.w3.org/2001/XMLSchema-instance" xmlns:dcterms="http://purl.org/dc/terms/" xsi:schemaLocation="http://www.loc.gov/MARC21/slim http://www.loc.gov/standards/marcxml/schema/MARC21slim.xsd">
<leader>00925njm 22002777a 4500</leader>
<datafield tag="042" ind1=" " ind2=" ">
<subfield code="a">dc</subfield>
</datafield>
<datafield tag="720" ind1=" " ind2=" ">
<subfield code="a">Pérez Ibáñez, María Jesús</subfield>
<subfield code="e">author</subfield>
</datafield>
<datafield tag="260" ind1=" " ind2=" ">
<subfield code="c">1997</subfield>
</datafield>
<datafield tag="520" ind1=" " ind2=" ">
<subfield code="a">La voluntad de los humanistas de retomar los modelos expresivos de la Antigüedad se percibe, entre otros elementos, en el léxico que emplean. Rastreando la tradición del grupo dc términos que proponemos, observamos que el conocimiento y asimilación de la tradición científica medieval y el acercamiento a la tradición clásica que propone el humanismo, suponen dos realidades difíciles de conciliar. En el caso concreto que nos ocupa las dificultades que no se resuelven se explican atendiendo a la tradición inínediatamenre anterior.</subfield>
</datafield>
<datafield tag="520" ind1=" " ind2=" ">
<subfield code="a">The Humanists’ will to recover the antique patterns of expression can be traced in the lexicon they put in use, among other elements. From investigating the tradition of the set ot terms we propose, we gather that the knowledge and assimilation of the medieval scientific culture and the recovery of the classical tradition that humanism proclaims, constitue two realities difficult to reconcile. In the particular case we are&#xd;
dealing with, tose difficulties which are not solved can be explained by calling back one te immediately previous tradition.</subfield>
</datafield>
<datafield tag="024" ind2=" " ind1="8">
<subfield code="a">Cuadernos de filología clásica: Estudios latinos, Nº 13, 1997, págs. 123-140</subfield>
</datafield>
<datafield tag="024" ind2=" " ind1="8">
<subfield code="a">1131-9062</subfield>
</datafield>
<datafield tag="024" ind2=" " ind1="8">
<subfield code="a">http://uvadoc.uva.es/handle/10324/46212</subfield>
</datafield>
<datafield tag="024" ind2=" " ind1="8">
<subfield code="a">123</subfield>
</datafield>
<datafield tag="024" ind2=" " ind1="8">
<subfield code="a">13</subfield>
</datafield>
<datafield tag="024" ind2=" " ind1="8">
<subfield code="a">140</subfield>
</datafield>
<datafield tag="024" ind2=" " ind1="8">
<subfield code="a">Cuadernos de filología clásica: Estudios latinos</subfield>
</datafield>
<datafield ind1=" " ind2=" " tag="653">
<subfield code="a">Medicina - Historia - Siglo XVI</subfield>
</datafield>
<datafield ind1=" " ind2=" " tag="653">
<subfield code="a">Humanismo</subfield>
</datafield>
<datafield ind1=" " ind2=" " tag="653">
<subfield code="a">Latín (Lengua) - Latín médico</subfield>
</datafield>
<datafield ind1=" " ind2=" " tag="653">
<subfield code="a">Filología clásica</subfield>
</datafield>
<datafield tag="245" ind1="0" ind2="0">
<subfield code="a">En torno a la úvula y sus afecciones en los textos médicos latinos del siglo XVI</subfield>
</datafield>
</record></metadata></record></GetRecord></OAI-PMH>